The studies in the rat bone marrow /

Hlavní autor: Říman, Josef, 1925-
Jazyk: Angličtina
Vydáno: Praha : Československá akademie věd, 1957
Edice: Rozpravy Československé akademie věd. Řada matematických a přírodních věd ; roč. 67/1957, seš. 6
Fyzický popis: 54 s.
Language note: České resumé
Knihy
Uloženo v:
LEADER 00990nam a22002772a 4500
001 001441006
003 CZ BrMZK
005 20150421144430.0
007 ta
008 141202s1957 xr er|||||||||||eng d
015 |a cnb000725833 
035 |a (OCoLC)52960951 
040 |a ABA001  |b cze  |c OSA001  |d BOA001 
041 1 |a eng  |h cze 
100 1 |a Říman, Josef,  |d 1925-  |7 jk01110225  |4 aut 
245 1 4 |a The studies in the rat bone marrow /  |c Josef Říman 
260 |a Praha :  |b Československá akademie věd,  |c 1957 
300 |a 54 s. 
490 1 |a Rozpravy Československé akademie věd. Řada matematických a přírodních věd ;  |v roč. 67/1957, seš. 6 
504 |a Obsahuje bibliografii 
546 |a České resumé 
810 2 |a Československá akademie věd.  |t Rozpravy.  |p Řada matematických a přírodních věd  |0 s 
910 |a BOA001  |b 2-0379.697 
990 |a BK 
991 |b 201412 
996 6 |b 2619140385  |c 2-0379.697  |l MZK  |r Sklad / do 24 hodin  |n 0  |w 001475851  |u 000010  |a 1  |e BOA001  |j MZK50  |s P